US Cities with Steady Populations - Statistics

General Stats
  • This quiz has been taken 19 times
  • The average score is 6 of 22
Answer Stats
Change Population City State % Correct
-7,511 154,888 Springfield MA
75%
+3,345 233,655 Richmond VA
69%
+3,807 302,824 Jersey City NJ
63%
-3,884 307,465 St. Paul MN
56%
+7,800 211,286 Worcester MA
50%
-7,110 151,599 Bridgeport CT
44%
-160 111,696 Peoria IL
44%
+446 121,186 Cambridge MA
38%
-7,368 69,568 Portland ME
38%
+6,823 97,912 Roanoke VA
31%
-7,871 101,318 New Bedford MA
25%
+2,840 86,875 Sioux City IA
25%
+3,123 67,477 Waterloo IA
25%
+7,308 78,057 Racine WI
19%
-4,474 71,098 St. Joseph MO
19%
-5,160 58,441 Lancaster PA
13%
-5,516 58,531 Terre Haute IN
6%
+7,944 121,749 Berkeley CA
0%
+962 68,763 Decatur IL
0%
+6,236 63,953 Hamilton OH
0%
+8,905 89,332 Lawrence MA
0%
-1,578 55,799 Port Arthur TX
0%
No matching quizzes found
Score Distribution
Percent of People with Each Score
Percentile by Number Answered
Your Score History
You have not taken this quiz